000 00595nam a2200217 i 4500
001 bg
100 1 _aKOWALCZYK, Grzegorz
245 1 0 _aWord 2000 PL :
_bćwiczenia praktyczne /
_cGrzegorz Kowalczyk.
260 _aGliwice :
_b"Helion",
_ccop. 1999.
300 _a104 s. :
_bil. ;
_c24 cm.
650 9 _aWord
655 _aĆwiczenia i zadania
020 _a8371971559
040 _cBPK
041 0 _apl
080 _a004.42:004.4'232](076)
920 _a83-7197-155-9
942 _cKS
008 s pl f |000 0 pol
999 _c38993
_d38993